| 000 | 00987nam0a22002531 4500 | ||
|---|---|---|---|
| 001 | rc\3565892 | ||
| 005 | 20250610073121.0 | ||
| 021 |
_aRU _b[76-21141] |
||
| 035 | _a(NLR Aleph) 007798758 | ||
| 090 |
_a7676081 _c7676081 |
||
| 100 | _a20130115d1976 |||y0rusy50 ca | ||
| 101 | 0 | _arus | |
| 102 | _aRU | ||
| 105 | _ay z ||||| | ||
| 200 | 1 |
_aОрганизация и планирование сбыта на промышленном предприятии _e(Учеб. пособие) _fА.С. Фомин _gЛенингр. фин.-экон. ин-т им. Н.А. Вознесенского, Кафедра матер.-техн. снабжения |
|
| 210 |
_aЛенинград _cЛФЭИ _d1976 |
||
| 215 |
_a44 с. _d20 |
||
| 606 |
_aПромышленная продукция _xСбыт _2psbo |
||
| 700 | 1 |
_aФомин _bА.С. _gАлександр Сергеевич |
|
| 801 | 0 |
_aRU _bNLR _gpsbo |
|
| 801 | 1 |
_aRU _bELAR _2rusmarc |
|
| 852 |
_aNLR _j76-4/20014 |
||
| 942 | _cBOOK | ||
| 980 | _aNB | ||